| 000 | 00000nam 2200000zi 4500 |
| 001 | 9.867922 |
| 003 | CaOODSP |
| 005 | 20221107162437 |
| 006 | m o d f |
| 007 | cr ||||||||||| |
| 008 | 190201s1960 onc ot f|0| 0 eng d |
| 040 | |aCaOODSP|beng|erda|cCaOODSP |
| 041 | |aeng|bfre |
| 043 | |an-cn--- |
| 086 | 1 |aM38-1/64-1960E-PDF |
| 100 | 1 |aZoldners, N. G., |eauthor. |
| 245 | 10|aEffect of high temperatures on concretes incorporating different aggregates / |bby N. G. Zoldners. |
| 264 | 1|aOttawa : |bDepartment of Mines and Technical Surveys, |c1960. |
| 300 | |a1 online resource (v, 48 pages) |
| 336 | |atext|btxt|2rdacontent |
| 337 | |acomputer|bc|2rdamedia |
| 338 | |aonline resource|bcr|2rdacarrier |
| 490 | 1 |aMines Branch Research Report ; |vR 64 |
| 500 | |a"May 1960." |
| 500 | |aTitle from cover. |
| 504 | |aIncludes bibliographic references. |
| 520 | |a"Changes in physical properties of concrete beams and cylinders made with gravel, sandstone, limestone and expanded slag aggregates were studied after exposure to various temperatures ranging from 100 to 800°C"--Synopsis, page i. |
| 546 | |aIncludes abstract in French. |
| 692 | 07|2gccst|aConcrete |
| 710 | 1 |aCanada. |bDepartment of Mines and Technical Surveys. |
| 710 | 1 |aCanada. |bMines Branch. |
| 830 | #0|aResearch report (Canada. Mines Branch)|vR 64.|w(CaOODSP)9.855660 |
| 856 | 40|qPDF|s4.04 MB|uhttps://publications.gc.ca/collections/collection_2019/rncan-nrcan/m38-1/M38-1-64-1960-eng.pdf |